| 000 | 00898cam a2200265 a 4500 | ||
|---|---|---|---|
| 001 | 4909198 | ||
| 005 | 20251112173749.0 | ||
| 008 | 950209s1995 txua b 001 0 eng | ||
| 020 | _a0030949041 | ||
| 020 | _a9780030949043 | ||
| 050 | 0 | 0 |
_aTK7868.S9 _bC66 1995 |
| 082 | 0 | 0 |
_a621.39/5 _220 |
| 100 | 1 | _aComer, David J. | |
| 245 | 1 | 0 |
_aDigital logic and state machine design / _cDavid J. Comer. |
| 250 | _a3rd ed. | ||
| 260 |
_aFt. Worth : _bSaunders College Pub., _cc1995. |
||
| 300 |
_axv, 573 p. : _bill. ; _c25 cm. |
||
| 650 | 0 | _aSwitching circuits. | |
| 650 | 0 | _aDigital electronics. | |
| 650 | 0 | _aLogic design. | |
| 650 | 0 | _aSequential machine theory. | |
| 856 | 4 | 2 |
_3Publisher description _uhttp://www.loc.gov/catdir/enhancements/fy0639/94067282-d.html |
| 856 | 4 | 1 |
_3Table of contents only _uhttp://www.loc.gov/catdir/enhancements/fy0639/94067282-t.html |
| 942 |
_2lcc _cBK _e3rd ed. _n0 |
||
| 999 |
_c8238 _d8238 |
||